000
00235nam a2200097Ia 4500
008
240331s9999 xx 000 0 und d
082
_b
ALL
100
_a
Allen, R.E
245
4
_a
The concise oxford dctionary of current English
942
_c
L
999
_c
3230
_d
3230